ბათუმის შოთა რუსთაველის სახელმწიფო უნივერსიტეტის ბიბლიოთეკა

დენდროლოგია : (ბიბ.ჩანაწერი № 57367)

000 -ლიდერი
ფიქსირებული სიგრძის საკონტროლო ველი 00917nam a22001937a 4500
003 - საკონტროლო ნომრის იდენტიფიკატორი
საკონტროლო ველი Ge_BSU
005 - ბოლო ოპერაციის თარიღი და დრო
საკონტროლო ველი 20200603145050.0
008 - ფიქსირებული სიგრძის მონაცემთა ელემენტები - ზოგადი ინფორმაცია
ფიქსირებული სიგრძის საკონტროლო ველი 200603s1974 xxu||||| |||| 00| 0 geo d
041 ## - ენის კოდი
Language code of text/sound track or separate title geo
080 ## - უნივერსალური ათობითი კლასიფიკაციის ინდექსი
Universal Decimal Classification number 581.526.42(075.8) ა-14
100 ## - მთავარი ჩანაწერი - პიროვნების სახელი
Personal name აბაშიძე, ი
9 (RLIN) 2742
245 ## - ცნობა სათაურის შესახებ
Title დენდროლოგია :
Remainder of title შიშველთესლიანები : სახელმძღ. უმაღლ.სასოფლო-სამეურნეო ისტიტუტის სტუდენტებისათვის /
Statement of responsibility, etc ი. აბაშიძე ; რედ. მ.სულაძე.
264 ## - წარმოების, გამოცემის, დისტრიბუციის და სხვა ცნობები
გამოცემის, წარმოების, დისტრიბუციის... ადგილი თბილისი :
გამოცემის, წარმოების, დისტრიბუციის... სახელწოდება განათლება,
გამოცემის, წარმოების, დისტრიბუციის... თარიღი 1974..
300 ## - ფიზიკური აღწერა
Extent 328 გვ.;
Dimensions 23სმ.
653 ## - INDEX TERM--UNCONTROLLED
Uncontrolled term დენდროლოგია
653 ## - INDEX TERM--UNCONTROLLED
Uncontrolled term ბოტანიკა
700 ## - ADDED ENTRY--PERSONAL NAME
Personal name სულაძე, მ
Relator term რედაქტორი
9 (RLIN) 3155
942 ## - ADDED ENTRY ELEMENTS (KOHA)
Source of classification or shelving scheme
Koha item type წიგნი
ეგზემპლარები
ჩამოწერის სტატუსი დაკარგული ეგზემპლარის სტატუსი კლასიფიკაციის წყარო ან თაროზე გაწყობის სქემა დაზიანების სტატუსი არ გაიცემა მუდმივი მდებარეობა (დაცვის ადგილი) ამჟამინდელი ადგილსამყოფელი თაროზე განთავსების ადგილი შეძენის თარიღი ღირებულება, შესყიდვის ნორმალური ფასი სრული შენახვის შიფრი შტრიხკოდი ბოლო ოპერაციის თარიღი ეგზემპლარის მიმდევრობითი ნომერი (კეტერი?) ფასის ძალაში შესვლის თარიღი ეგზემპლარის სახეობა საჯარო შენიშვნა
          ბათუმის შოთა რუსთაველის სახელმწიფო უნივერსიტეტის მთავარი ბიბლიოთეკა აგრარული და მემბრანული ტექნოლოგიების ინსტიტუტის ბიბლიოთეკა წიგნსაცავი 2020-06-03 5.00 581.526.42(075.8) ა-14 60571 2020-06-03 60571 2020-06-03 წიგნი 5.00